Assisting the elderly in long-term care : a book of readings /

Bibliographic Details
Other Authors: Weber, George H.
Format: Book
Language:English
Published: Springfield, Ill. : Thomas, [1981]
Subjects:

MARC

Tag First Indicator Second Indicator Subfields
LEADER 00000pam a2200000 a 4500
001 in00000091281
005 20150923131612.0
008 810331s1981 ilua b 00000 eng
010 |a  81005261  
020 |a 039804516X 
020 |a 0398045178 (pbk.) 
035 |a (OCoLC)07462182 
035 |9 AAK6873AM 
039 0 |a 2  |b 3  |c 3  |d 3  |e 3 
040 |a DLC  |c DLC  |d TXA  |d UtOrBLW 
049 |a TXAM  |c [1633370] 
050 0 0 |a HV1451  |b .A824 
060 0 |a WT 30 A848 
082 0 |a 362.6  |2 19 
245 0 0 |a Assisting the elderly in long-term care :  |b a book of readings /  |c edited by George H. Weber ; with a foreword by Hiram J. Friedsam and Herbert Shore. 
264 1 |a Springfield, Ill. :  |b Thomas,  |c [1981] 
264 4 |c ©1981 
300 |a xi, 375 pages :  |b illustrations ;  |c 24 cm. 
336 |a text  |b txt  |2 rdacontent 
337 |a unmediated  |b n  |2 rdamedia 
338 |a volume  |b nc  |2 rdacarrier 
504 |a Includes bibliographical references. 
650 0 |a Older people  |x Services for. 
650 0 |a Older people  |x Care. 
650 2 |a Long-Term Care  |x In old age  |x Collected works. 
700 1 |a Weber, George H. 
999 |a MARS 
999 f f |s bad7a40a-fabb-3af5-8a66-5428c5c04d79  |i 16e30a67-fc3c-30c3-9a93-52e0e9a6e0cd  |t 0 
952 f f |p ric  |a Texas A&M University  |b Rellis Campus  |c Joint Library Facility  |d Remote Storage  |t 0  |e HV1451 .A824  |h Library of Congress classification  |i unmediated -- volume  |m A14806008728 
998 f f |a HV1451 .A824  |t 0  |l Remote Storage